ბათუმის შოთა რუსთაველის სახელმწიფო უნივერსიტეტის ბიბლიოთეკა

შესავალი სამართალმცოდნეობაში : (ბიბ.ჩანაწერი № 45011)

000 -ლიდერი
ფიქსირებული სიგრძის საკონტროლო ველი 01323nam a2200253Ia 4500
001 - საკონტროლო ნომერი
საკონტროლო ველი 11832
003 - საკონტროლო ნომრის იდენტიფიკატორი
საკონტროლო ველი GE_BSU
005 - ბოლო ოპერაციის თარიღი და დრო
საკონტროლო ველი 20240701112503.0
008 - ფიქსირებული სიგრძის მონაცემთა ელემენტები - ზოგადი ინფორმაცია
ფიქსირებული სიგრძის საკონტროლო ველი 181216s2013||||geo|||||||||||||| ||ge ||
020 ## - წიგნის საერთაშორისო სტანდარტული ნომერი
International Standard Book Number 9789941060685
040 ## - კატალოგიზაციის წყარო
Transcribing agency GE_BSU
041 ## - ენის კოდი
Language code of text/sound track or separate title geo
080 ## - უნივერსალური ათობითი კლასიფიკაციის ინდექსი
Universal Decimal Classification number 34(075.8)+342(075.8) მ–86
100 ## - მთავარი ჩანაწერი - პიროვნების სახელი
Personal name მოსულიშვილი, ამირან
9 (RLIN) 22630
245 ## - ცნობა სათაურის შესახებ
Title შესავალი სამართალმცოდნეობაში :
Remainder of title [სახელმძღვანელო]. წ. 1,(სახელმწიფოს თეორია) /
Statement of responsibility, etc ამირან მოსულიშვილი, მანანა მოსულიშვილი ; [რედ. გივი ლობჟანიძე]
260 ## - გამოქვეყნების, გავრცელების, და სხვა. ცნობები
Name of publisher, distributor, etc გეორგიკა
264 ## - წარმოების, გამოცემის, დისტრიბუციის და სხვა ცნობები
გამოცემის, წარმოების, დისტრიბუციის... ადგილი თბილისი :
გამოცემის, წარმოების, დისტრიბუციის... სახელწოდება გეორგიკა,
გამოცემის, წარმოების, დისტრიბუციის... თარიღი 2013,
300 ## - ფიზიკური აღწერა
Extent 600 გვ. ;
Dimensions 20 სმ.
504 ## - BIBLIOGRAPHY, ETC. NOTE
Bibliography, etc ბიბლიოგრაფია ტექსტის შენიშვნებში და გვ. 574-584
653 ## - INDEX TERM--UNCONTROLLED
Uncontrolled term სახელმწიფოს თეორია
653 ## - INDEX TERM--UNCONTROLLED
Uncontrolled term შესავალი სამართალმცოდნეობაში
700 ## - ADDED ENTRY--PERSONAL NAME
Personal name ლობჟანიძე, გივი
Relator term რედაქტორი
9 (RLIN) 22631
942 ## - ADDED ENTRY ELEMENTS (KOHA)
Koha item type წიგნი
Source of classification or shelving scheme
ეგზემპლარები
ჩამოწერის სტატუსი დაკარგული ეგზემპლარის სტატუსი კლასიფიკაციის წყარო ან თაროზე გაწყობის სქემა დაზიანების სტატუსი არ გაიცემა მუდმივი მდებარეობა (დაცვის ადგილი) ამჟამინდელი ადგილსამყოფელი თაროზე განთავსების ადგილი შეძენის თარიღი სრული შენახვის შიფრი შტრიხკოდი ბოლო ოპერაციის თარიღი ეგზემპლარის მიმდევრობითი ნომერი (კეტერი?) ფასის ძალაში შესვლის თარიღი ეგზემპლარის სახეობა
          ბათუმის შოთა რუსთაველის სახელმწიფო უნივერსიტეტის მთავარი ბიბლიოთეკა ბათუმის შოთა რუსთაველის სახელმწიფო უნივერსიტეტის მთავარი ბიბლიოთეკა წიგნსაცავი 2018-12-17 34(075.8)+342(075.8) მ–86 27027 2018-12-17 27027 2018-12-17 წიგნი
          ბათუმის შოთა რუსთაველის სახელმწიფო უნივერსიტეტის მთავარი ბიბლიოთეკა ბათუმის შოთა რუსთაველის სახელმწიფო უნივერსიტეტის მთავარი ბიბლიოთეკა წიგნსაცავი 2018-12-17 34(075.8)+342(075.8) მ–86 27028 2018-12-17 27028 2018-12-17 წიგნი